000 01171nam a2200217Ia 4500
003 Ost
005 20260507075023.0
008 260507s9999||||xx |||||||||||||| ||und||
020 _a1203119957
040 _cfsecg
041 _aara
082 _a330
100 _aالرشدان، عبد الله زاهي
_eمؤلف
245 0 _aفي إقتصاديات التعليم /
_c عبد الله زاهي الرشدان
260 _aعمان:
_bدار وائل للنشر والتوزيع,
_c2001
300 _a470 صفحة؛
_bإيضاحات ؛
_c24 سم
520 _aعلم إقتصاديات التعليم- التعليم والنمو الإقتصادي والتنمية الإقتصادية- الإنفاق والكلفة في التعليم- التعليم، الكفاءة الإنتاجية في التعليم-دوال الإنتاج والكلفة في التعليم وإقتصادياته - تمويل وعائدات التعليم- هجرة الأدمغة- طلب العرض في ميدان التربية والتعليم- التعليم عن بعد
653 _aالتعليم
653 _aالتنمية الاقتصادية
942 _cكتاب
999 _c42304
_d42304